Statistics for WWE Nicknames Quiz

Click here to take the quiz!

General Stats

  • This quiz has been taken 7 times
  • The average score is 20 of 51

Answer Stats

NicknameAnswer% Correct
The Huggable OneBayley
83%
The Irish Lass KickerBecky Lynch
83%
The Dirtiest Player in the GameRic Flair
83%
The Mouth of The SouthJimmy Hart
83%
The American DreamDusty Rhodes
83%
The GlamazonBeth Phoenix
83%
The Ayatollah of Rock 'N' Rolla!Chris Jericho
83%
Sexual ChocolateMark Henry
67%
The Bad GuyRazor Ramon/Scott Hall
67%
The BrainBobby Heenan
67%
The Eater of WorldsBray Wyatt
67%
The Samoan BulldozerUmaga
67%
The Beast From The EastBam Bam Bigelow
67%
The Monday Night MessiahSeth Rollins
67%
Charismatic EnigmaJeff Hardy
67%
Mr. A$$Billy Gunn
67%
Cactus JackMick Foley
67%
Bad NewsWade Barrett
50%
Queen of HartsNatalya
50%
The Macho ManRandy Savage
50%
The Man of 1,000 HoldsDean Malenko
50%
The Woo Woo Woo KidZack Ryder
50%
The All American AmericanJack Swagger
50%
The Man That Gravity ForgotAdrian Neville
50%
The FunkasaurusBrodus Clay
33%
Mr Monday NightRob Van Dam
33%
The Jamaican SensationKofi Kingston
33%
Johnny MundoJohn Morrison
33%
The Total PackageLex Luger
33%
World's Most Dangerous ManKen Shamrock
33%
The Bionic Redneck"Stone Cold" Steve Austin
33%
The Living LegendBruno Sammartino
33%
The VigilanteSting
17%
The King of Strong StyleShinsuke Nakamura
17%
Chick MagnetThe Miz
17%
The Geek GoddessAJ Lee
17%
The One Man BandHeath Slater
17%
The BruiserweightPete Dunne
17%
Sassy Southern BelleLacey Evans
17%
The Big BambinoBig Cass
0%
The Extraordinary GentlemanJack Gallagher
0%
Johnny WrestlingJohnny Gargano
0%
The Man of Sophistication/The Maestro of MayhemAiden English
0%
The Underdog From the UndergroundSami Zayn
0%
The Gold StandardShelton Benjamin
0%
Milan MiracleSantino Marella
0%
The Wrestling MachineKurt Angle
0%
The King Of FlightKalisto
0%
The Excellence of ExecutionBret "The Hitman" Hart
0%
The Ultimate Party AnimalAdam Cole
0%
CowboyBob Orton Jr.
0%

Score Distribution

Percentile by Number Answered

Percent of People with Each Score

Your Score History

You have not taken this quiz